000
00433nam a22001337a 4500
003
SGT
020
_a
9789354735905
082
_a
891.4309
_b
C21D
100
_a
द्विवेदी, श्रीधर
245
_a
कोरोना काल : चिकित्सक की कलम से
260
_b
स्वास्थ्य विज्ञान विद्यालय
_c
2021
300
_a
96
942
_2
ddc
_c
BK
999
_c
30320
_d
30320